| 000 | 01187 a2200217 4500 | ||
|---|---|---|---|
| 003 | Nust | ||
| 005 | 20221125152421.0 | ||
| 010 | _a 70171908 | ||
| 020 |
_a0023749105 _a978-0023749100 |
||
| 040 | _cNust | ||
| 082 | 0 | 0 | _a621.38132,MAL |
| 100 | 1 |
_a Malik,Norbertr _9103639 |
|
| 245 | 1 | 0 |
_aElectronic circuits ; _banalysis Simulation and Design / _c Norbertr ,Malik |
| 260 |
_aUK _aprentice-Hall Int _bJohn Wiley & Sons Australasia _c1995 |
||
| 300 |
_axiii,1182 p. _billus. _c25 cm. |
||
| 505 | _aModeling and Signal Processing Principles (Page-3), Operational Amplifier Circuits (Page-65), Semiconductors Pn juctions and Diode Circuits (Page-135), Bipolar Transistors (Page-230), Field-Effect Transistors (Page-307), Basic Circuits (Page-390), Transistor Amplifiers (Page-474), Frequency Response (Page-589), Feedback Circuits (Page-669), Power Circuits and Systems (Page-752), Analog Integrated Circuits (Page-820), Filters (Page-890), Digital Logic Circuits (Page-959), Digital Memory Interfacing and Timing Principles (Page-1028). | ||
| 650 | 0 | _aTelecommunication engineering | |
| 700 | 1 |
_aClark, John Ellery, _9103640 |
|
| 700 | 1 |
_aEdwards, Paul L., _9103641 |
|
| 942 |
_2ddc _cBK |
||
| 999 |
_c179162 _d179162 |
||